Представление документа в формате MARC21

Поле Инд. ПП Название Значение
Тип записи a
Библиографический уровень a
001 Контрольный номер RU/IS/BASE/476356676
005 Дата корректировки 20150513113540.7
040 a Служба первич. каталог. НБ ТвГУ
b Код языка каталог. rus
e Правила каталог. PSBO
041 0_ a Код языка текста rus
100 1_ a Автор Владимирова А. Э.
245 10 a Заглавие Инновации в туризме - программа "Карта гостя"
c Ответственность науч. рук. С. А. Щербакова
260 a Место издания Тверь
b Издательство Тверской государственный университет
c Дата издания 2012
504 a Библиография Библиогр.: с. 80 (3 назв.)
520 a Аннотация Статья посвящена инновации в туризме - программа "Карта гостя". "Карта гостя" - широко распространенный в Европе инструмент привлечения туристов и приема иностранных гостей. Она является аналогом туристских систем, успешно работающих в Нью-Йорке, Лондоне, Париже, Берлине и других крупнейших центрах.
653 a Ключевые слова География
a Ключевые слова Инновации
a Ключевые слова Сервисное обслуживание
a Ключевые слова Смоленск, город
a Ключевые слова Туризм
a Ключевые слова Туристские системы
a Ключевые слова Экология
700 1_ a Другие авторы Щербакова С. А.
e Роль лиц науч. рук.
773 08 w Контрольный № источника RU/IS/BASE/471342507
t Название источника География, экология, туризм: научный поиск студентов и аспирантов
d Место и дата издания Тверь : Тверской государственный университет, 2012
g Прочая информация С. 78-80
901 t Тип документа a
920 a Оператор Кома